| 000 | 00388nam a2200157Ia 4500 | ||
|---|---|---|---|
| 008 | 230917s9999||||xx |||||||||||||| ||und|| | ||
| 020 | _cRs. 160.00 | ||
| 040 |
_e5014926 _aMAIN |
||
| 041 | _aEnglish | ||
| 082 | _a335.4 L587T | ||
| 100 | _aLewis, John, ed. | ||
| 245 | 0 | _aTextbook of Marxist philosophy | |
| 260 |
_aDelhi _bSarvahara Prakashan _c2019 |
||
| 300 | _a324 p. | ||
| 942 | _cBK | ||
| 999 |
_c10665 _d10665 |
||